Online
Catalog
Normal view MARC view

Entry Nombre geográfico

Number of records used in: 1

001 - NÚMERO DE CONTROL

  • campo de control: 89209

003 - IDENTIFICADOR DEL NÚMERO DE CONTROL

  • campo de control: BNPHU

005 - FECHA Y HORA DE LA ÚLTIMA TRANSACCIÓN

  • campo de control: 20260316110827.0

008 - DATOS DE LONGITUD FIJA

  • campo de control de longitud fija: 260316|| aza||aabn | a|a d

010 ## - NÚMERO DE CONTROL DE LA BIBLIOTECA DEL CONGRESO

  • Número de control de LC: sh 85061066

040 ## - FUENTE DE LA CATALOGACIÓN

  • Centro catalogador/agencia de origen: DO-SdBNP
  • Lengua de catalogación: spa
  • Centro/agencia transcriptor: BNPHU
  • Normas de descripción: rda

151 ## - ENCABEZAMIENTO--NOMBRE GEOGRÁFICO

  • Nombre geográfico: La Española

451 0# - TRAZADO DE VÉASE--NOMBRE GEOGRÁFICO

  • Nombre geográfico: Hispaniola

451 ## - TRAZADO DE VÉASE--NOMBRE GEOGRÁFICO

  • Nombre geográfico: Española

451 0# - TRAZADO DE VÉASE--NOMBRE GEOGRÁFICO

  • Nombre geográfico: Isla de Santo Domingo

451 0# - TRAZADO DE VÉASE--NOMBRE GEOGRÁFICO

  • Nombre geográfico: Haití (Isla)

451 0# - TRAZADO DE VÉASE--NOMBRE GEOGRÁFICO

  • Nombre geográfico: Santo Domingo (Isla)

551 ## - TRAZADO DE VÉASE ADEMÁS--NOMBRE GEOGRÁFICO

  • Nombre geográfico: Antillas Mayores
  • Subcampo de control: g

670 ## - FUENTE DE DATOS ENCONTRADOS

  • Cita de la fuente: Work cat.: (DO-SdBNP)44874: Mira Caballos, Esteban, autor aut. 73421, La gran armada colonizadora de Nicolás de Ovando :

670 ## - FUENTE DE DATOS ENCONTRADOS

  • Cita de la fuente: Wikipedia, sitio web, 24 octubre 2023: |
  • Información encontrada: (La Española (en latín y francés, Hispaniola ; en criollo haitiano, Ispayola) es una isla del mar Caribe que acoge a dos Estados soberanos: Haití y la República Dominicana. La Constitución de la República Dominicana, en el artículo 9, denomina a la isla como isla de Santo Domingo.)
  • Identificador Uniforme del Recurso: https://es.wikipedia.org/wiki/La_Espa%C3%B1ola

781 ## - ENTRADA DE ENLACE DE SUBDIVISIÓN--SUBDIVISIÓN GEOGRÁFICA

  • Subdivisión geográfica: La Española

Powered by Koha